MARC details
| 000 -CABECERA |
| campo de control de longitud fija |
04286cam a22002658i 4500 |
| 001 - NÚMERO DE CONTROL |
| campo de control |
23200112 |
| 005 - FECHA Y HORA DE LA ÚLTIMA TRANSACCIÓN |
| campo de control |
20250616110814.0 |
| 008 - DATOS DE LONGITUD FIJA--INFORMACIÓN GENERAL |
| campo de control de longitud fija |
230622s2024 nju b 001 0 eng c |
| 010 ## - NÚMERO DE CONTROL DE LA BIBLIOTECA DEL CONGRESO |
| Número de control de LC |
2023028793 |
| 020 ## - NÚMERO INTERNACIONAL ESTÁNDAR DEL LIBRO |
| Número Internacional Estándar del Libro |
9781119983682 |
| Información calificativa |
(paperback) |
| 040 ## - FUENTE DE LA CATALOGACIÓN |
| Centro catalogador/agencia de origen |
WaSeSS/DLC |
| Lengua de catalogación |
eng |
| Normas de descripción |
rda |
| Centro/agencia transcriptor |
DLC |
| Centro/agencia modificador |
DLC |
| 041 ## - CÓDIGO DE LENGUA |
| Código de lengua del texto/banda sonora o título independiente |
eng |
| 042 ## - CÃDIGO DE AUTENTICACIÃN |
| Código de autenticación |
pcc |
| 050 00 - SIGNATURA TOPOGRÁFICA DE LA BIBLIOTECA DEL CONGRESO |
| Número de clasificación |
BL458 |
| Número de documento/Ítem |
.G896 2024 |
| 100 ## - ENTRADA PRINCIPAL--NOMBRE DE PERSONA |
| Nombre de persona |
Gwynne, Paul, |
| Fechas asociadas al nombre |
1957- |
| Término indicativo de función/relación |
author. |
| 245 10 - MENCIÓN DE TÍTULO |
| Título |
Sexism in major religions |
| Resto del título |
: a comparative introduction |
| Mención de responsabilidad, etc. |
/ Paul Gwynne. |
| 264 #1 - PRODUCCIÓN, PUBLICACIÓN, DISTRIBUCIÓN, FABRICACIÓN Y COPYRIGHT |
| Producción, publicación, distribución, fabricación y copyright |
Hoboken, NJ : |
| Nombre del de productor, editor, distribuidor, fabricante |
Wiley-Blackwell, |
| Fecha de producción, publicación, distribución, fabricación o copyright |
2024. |
| 300 ## - DESCRIPCIÓN FÍSICA |
| Extensión |
xii, 426 pages : color illustrations ; 23 cm |
| 504 ## - NOTA DE BIBLIOGRAFÍA, ETC. |
| Nota de bibliografía, etc. |
Includes bibliographical references and index. |
| 505 ## - NOTA DE CONTENIDO CON FORMATO |
| Nota de contenido con formato |
Religions —<br/>Hinduism —<br/>Buddhism —<br/>Judaism —<br/>Christianity —<br/>Islam —<br/><br/>Feminisms —<br/>Sex and Gender —<br/>Androcentrism and Patriarchy —<br/>Conservative and Liberal Mindsets —<br/>Revolutionary and Reform Feminism —<br/><br/>Deity —<br/>Gods and Goddesses —<br/>Higher Beings —<br/>The God of Israel —<br/>Allah —<br/>Father, Son and Spirit —<br/><br/>Woman —<br/>Bad Karma —<br/>Changing Sex —<br/>Adam and Hava —<br/>Daughters of Eve —<br/>The First Couple —<br/><br/>Founders —<br/>The Founder of Judaism? —<br/>Muhammad —<br/>Buddha Gautama —<br/>Jesus of Nazareth —<br/><br/>Wife —<br/>Buddhist Disinterest —<br/>Pativrata —<br/>Love, Honour and Obey —<br/>The Chained Ones —<br/>A Degree over Them —<br/><br/>Mother —<br/>The Second Eve —<br/>A Painful Condition —<br/>Niddah —<br/>Pumsavana —<br/>The Five Woes —<br/><br/>Seductress —<br/>Witch —<br/>Tzniut —<br/>Hijab —<br/>Apsaras and Ghunghats —<br/>Mara’s Daughters —<br/><br/>Leader —<br/>Broken Lineages —<br/>The Sacred Thread —<br/>From Exemption to Exclusion —<br/>The House of Umm Waraqa —<br/>Christ and the Twelve —<br/><br/>(LGBQ)TI —<br/>The Third Nature —<br/>Pandakas —<br/>The Six Categories —<br/>Khuntha and Mukhannath —<br/>The Order of Creation —<br/><br/>Conclusion —<br/>Appendix A “The 100 Most Influential People in History” (Michael Hart) —<br/>Appendix B The 32 Major Marks of a Buddha —<br/>Appendix C The Ninety-Nine Names of Allah —<br/>Appendix D The Two Genesis Stories of Creation —<br/>Select Bibliography —<br/>Index. |
| 520 ## - SUMARIO, ETC. |
| Sumario, etc. |
"How sexist are the Big Five' religions of the world? Which ones have been the most biased against women and in what ways? How have gender prejudiced traditions been justified by conservative defenders and criticised by reform feminists? The proposed title aims to answer these questions and disclose the complex web of sexual inequality across the major world religion by analysing the most common gender-biased teachings and practices in Hinduism, Buddhism, Judaism, Christianity, and Islam. Following a thematic and comparative approach, this unique introductory textbook is organised around seven themes (gender of divinity, the meaning of womanhood, the binding attitude of the male founder to women, the status of the wife within marriage, the duties of the mother, the threat of sexual temptation to devout men, and the access to religious leadership) and explores to what extent each theme is relevant to, and how it manifests in, each of the five religions. Each chapter also presents the arguments used by conservative defenders and feminist critics on each of the themes, hence bringing together the lived experience of religions (which is entwined with social practice) with critical theory and the story of feminism thought. This innovative perspective makes the proposed text a ground-breaking cross-sectional study that guides students understand similarities and differences of the Big Five' with regard to one of the most discussed issues in our society. There is, at the moment, no direct competition in the form of a thematic and comparative study of gender inequality across these five religions. Hence, the proposed book not only fills a real gap in the academic literature, but also represents a significant opportunity for the interdisciplinary development of the SSH programme, bridging the gap between religious studies and social sciences programmes like gender and sexuality studies, feminist studies, religion and society as well as cultural studies, anthropology, and history."-- |
| Fuente proveedora |
Provided by publisher. |
| 650 #0 - PUNTO DE ACCESO ADICIONAL DE MATERIA--TÉRMINO DE MATERIA |
| Término de materia o nombre geográfico como elemento de entrada |
Sexism in religion. |
| 9 (RLIN) |
25422 |
| 650 #0 - PUNTO DE ACCESO ADICIONAL DE MATERIA--TÉRMINO DE MATERIA |
| Término de materia o nombre geográfico como elemento de entrada |
Women and religion. |
| 9 (RLIN) |
25423 |
| 942 ## - ELEMENTOS DE ENTRADA AGREGADA (KOHA) |
| Fuente del sistema de clasificación o colocación |
Clasificación de Library of Congress |